| 000 | 00589nam a2200181 a 4500 | ||
|---|---|---|---|
| 001 | 000042440 | ||
| 005 | 20201002040146.0 | ||
| 008 | 131202s1984 dr a r 000 0 spa d | ||
| 040 |
_aDO-SdBNP _bspa _cBNPHU |
||
| 041 | 1 | 7 |
_aspa _bingles _bfrances |
| 082 |
_axxxx _bN135a |
||
| 100 | 1 |
_aNader, Gary Nicolas _969590 |
|
| 245 | 1 | 0 |
_aArte contemporáneo dominicano. / _cGary Nicolas Nader; fotografía, Julio González. |
| 260 |
_aSanto Domingo, : _bAmigo del Hogar, _c1984. |
||
| 300 |
_a154 p. : _bil. ; _c23 cm. |
||
| 504 | _aBibliografía : p. 145 | ||
| 700 | 1 |
_aGonzález, Julio, _efot. _922913 |
|
| 999 |
_c41929 _d41929 |
||